000 00303cam a2200121 4500
001 L136522
008 070205n2006 000 0 eng u
035 _a(Sirsi) u136522
245 _aGuide to environmental management
260 _aBritish Council for Offices
_c2006
350 _a45.00.
942 _n0
999 _c106417
_d106417